000 00496nam a2200157 4500
001 109961
003 ES-MaACL
005 20230906184942.0
007 t|
008 061121s1934 pn r ||||1| spa d
110 2 _aSociedad Panameña de Acción Internacional.
_96799
245 1 3 _aLa obra de la S.P.A.I
_b: un aspecto de su actuación : el programa de las aspiraciones panameñas.
260 _aPanamá :
_b[La Moderna],
_c1934.
300 _a138 p. ;
_c19 cm.
852 _aES-MaACL
_j1808-F-5
999 _c109961
_d109961